All Teams Ever Played For By Roberto Soldado - Statistics

General Stats
  • This quiz has been taken 25 times
  • The average score is 6 of 10
Answer Stats
Years Answer % Correct
2010-2013 Valencia
91%
2005-2008 Real Madrid
83%
2013-2015 Tottenham Hotspur
78%
2015-2017 Villarreal
70%
2007-2013 Spain
57%
2021-2023 Levante
52%
2008-2010 Getafe
48%
2019-2021 Granada
48%
2006-2007 (loan) Osasuna
35%
2017-2019 Fenerbahce
22%
No matching quizzes found
Score Distribution
Percent of People with Each Score
Percentile by Number Answered
Your Score History
You have not taken this quiz